000 00277nam a22001217a 4500
003 SGT
082 _a616.2
_bP01W
100 _aWILKINSM, ROBERT L.
245 _aA POKET GUIDE TO RESPIRATORY DISEASE
260 _aPHILADELPHIA
_b2001
_c180
300 _a616.2
942 _2ddc
_cBK
999 _c14921
_d14921